[Event "56th Rubinstein Memorial D 2020"]
[Site "Polanica Zdroj"]
[Date "2020.08.18"]
[Round "4.1"]
[White "Bienkowski, Zbigniew"]
[Black "Simon, Marek"]
[Result "0-1"]
[WhiteElo "1739"]
[BlackElo "1878"]
[Annotator "NA RC"]
[PlyCount "118"]
[EventDate "2020.08.15"]
[EventType "swiss"]
[EventCountry "POL"]
[SourceTitle "playchess.com"]
[Source "ChessBase"]
[SourceQuality "1"]
[TimeControl "40/5400+30:1800+30"]

1. e4 {[%emt 0:00:00]} c6 {[%emt 0:00:00]} 2. Nc3 {[%emt 0:00:38]} d5 {[%emt 0:00:00]} 3. d4 {[%emt 0:04:35]} dxe4 {[%emt 0:00:00]} 4. Nxe4 {[%emt 0:00:49]} Bf5 {[%emt 0:00:06]} 5. Ng3 {[%emt 0:00:07]} Bg6 {[%emt 0:00:03]} 6. Nh3 {[%emt 0:00:32]} Nd7 {[%emt 0:01:45]} 7. Nf4 {[%emt 0:00:42] 7.Bc4 is more advanced technology. B18: Classical Caro-Kann: 4...Bf5 sidelines.} e5 {[%emt 0:00:20]} 8. Nxg6 {[%emt 0:00:49]} hxg6 {[%emt 0:00:03]} 9. dxe5 {[%emt 0:26:45]} Qa5+ {[%emt 0:00:16]} 10. Bd2 {[%emt 0:00:16]} Qxe5+ {[%emt 0:00:10]} 11. Qe2 {[%emt 0:00:23]} Qxe2+ {[%emt 0:03:20]} 12. Bxe2 {[%emt 0:00:10]} Ngf6 {[%emt 0:00:21]} 13. O-O-O {[%emt 0:00:36]} Bc5 {[%emt 0:07:04] [#]} 14. Be1 $146 {[%emt 0:06:10]} ({Predecessor:} 14. f4 O-O 15. Bf3 Rfe8 16. Rhe1 Bf2 17. Rf1 Be3 18. Bxe3 Rxe3 19. Rfe1 Rxe1 20. Rxe1 {0-1 (36) Lugovskoy,M (2428)-Esipenko,A (2609) Sochi 2018}) 14... O-O-O {[%emt 0:09:58]} 15. b4 {[%emt 0:04:51]} Bb6 {[%emt 0:03:00]} 16. a4 {[%emt 0:03:26]} Ne5 {[%emt 0:03:28]} 17. Rxd8+ {[%emt 0:02:44]} Rxd8 {[%emt 0:01:45]} 18. a5 {[%emt 0:00:45]} Bc7 {[%emt 0:00:30]} 19. Bd2 {[%emt 0:01:09]} Neg4 {[%emt 0:08:52]} 20. Bg5 {[%emt 0:06:16]} Nxf2 {[%emt 0:04:20]} 21. Rf1 {[%emt 0:03:28]} Bxg3 {[%emt 0:00:38]} 22. hxg3 {[%emt 0:00:05]} N2e4 {[%emt 0:00:25]} 23. Bf4 {[%emt 0:02:48]} Nd5 {[%emt 0:05:38]} 24. Bg4+ {[%emt 0:12:24]} f5 {[%emt 0:00:33]} 25. Bh3 {[%emt 0:00:32]} Ndf6 {[%emt 0:08:11]} 26. Be5 {[%emt 0:06:53]} Re8 {[%emt 0:04:58]} 27. Bd4 $2 {[%emt 0:00:26]} (27. Bf4) 27... Nxg3 {[%emt 0:00:27]} 28. Rd1 {[%emt 0:01:00]} Ne2+ {[%emt 0:00:51]} 29. Kb2 {[%emt 0:00:09]} Nxd4 {[%emt 0:01:54]} 30. Rxd4 {[%emt 0:00:04]} Re4 {[%emt 0:00:14]} 31. Rd3 {[%emt 0:00:49]} Rxb4+ {[%emt 0:01:05]} 32. Ka3 {[%emt 0:00:07]} Re4 {[%emt 0:01:46]} 33. Rg3 {[%emt 0:02:11]} Ng4 {[%emt 0:00:42]} 34. Kb3 {[%emt 0:00:08]} Kd7 {[%emt 0:02:12]} 35. Rd3+ {[%emt 0:00:27]} Ke7 $19 {[%emt 0:00:18]} 36. Kb2 {[%emt 0:00:59]} Ne5 {[%emt 0:01:45]} 37. Rg3 {[%emt 0:01:13]} Kf6 {[%emt 0:00:20]} 38. a6 {[%emt 0:00:14]} bxa6 {[%emt 0:00:52]} 39. Rb3 {[%emt 0:00:36]} a5 {[%emt 0:01:00]} 40. c3 {[%emt 0:00:48]} Re3 {[%emt 0:03:26]} 41. Rb8 {[%emt 0:31:04]} Rg3 {[%emt 0:30:09]} 42. Rf8+ {[%emt 0:01:20]} Kg5 {[%emt 0:00:41]} 43. Rg8 {[%emt 0:01:06]} Kf4 {[%emt 0:00:14]} 44. Rd8 {[%emt 0:01:02]} c5 {[%emt 0:00:58]} 45. Rf8 {[%emt 0:00:23]} a4 {[%emt 0:00:24]} 46. Ka3 {[%emt 0:00:52]} Rxc3+ {[%emt 0:00:15]} 47. Kxa4 {[%emt 0:00:03]} Rg3 {[%emt 0:00:18]} 48. Kb5 {[%emt 0:00:21]} c4 {[%emt 0:00:33]} 49. Kb4 {[%emt 0:00:11]} Rb3+ {[%emt 0:00:16]} 50. Ka4 {[%emt 0:00:14]} Rg3 {[%emt 0:00:14]} 51. Kb4 {[%emt 0:00:25]} a5+ {[%emt 0:00:18]} 52. Ka4 {[%emt 0:00:04]} Ng4 {[%emt 0:01:20]} 53. Rg8 {[%emt 0:01:34]} Ne3 {[%emt 0:00:25]} 54. Rxg7 {[%emt 0:00:20]} g5 {[%emt 0:00:22]} 55. Kxa5 {[%emt 0:00:37]} g4 {[%emt 0:00:18]} 56. Rh7 {[%emt 0:00:06]} c3 {[%emt 0:00:23]} 57. Rc7 {[%emt 0:02:04]} c2 {[%emt 0:00:16]} 58. Ka4 {[%emt 0:00:14]} gxh3 {[%emt 0:00:09]} 59. gxh3 {[%emt 0:00:01]} Rg1 0-1

[Event "56th Rubinstein Memorial D 2020"]
[Site "Polanica Zdroj"]
[Date "2020.08.18"]
[Round "4.2"]
[White "Gromczak, Dariusz"]
[Black "Ursnik, Patryk"]
[Result "1-0"]
[WhiteElo "1785"]
[BlackElo "1601"]
[Annotator "NA RC"]
[PlyCount "29"]
[EventDate "2020.08.15"]
[EventType "swiss"]
[EventCountry "POL"]
[SourceTitle "playchess.com"]
[Source "ChessBase"]
[SourceQuality "1"]
[TimeControl "40/5400+30:1800+30"]

1. e4 {[%emt 0:00:00]} c5 {[%emt 0:02:06]} 2. Nc3 {[%emt 0:00:00]} Nc6 {[%emt 0:01:21]} 3. Nf3 {[%emt 0:00:19]} Nf6 {[%emt 0:05:02]} 4. Bb5 {[%emt 0:00:46]} a6 {[%emt 0:03:20]} 5. Bxc6 {[%emt 0:00:46]} dxc6 {[%emt 0:00:03]} 6. h3 {[%emt 0:02:46]} g6 {[%emt 0:00:35]} 7. d3 {[%emt 0:00:18]} Bg7 {[%emt 0:00:21]} 8. Be3 {[%emt 0:02:23]} Qa5 {[%emt 0:04:43]} 9. O-O {[%emt 0:01:08]} O-O {[%emt 0:04:28]} 10. Nd2 {[%emt 0:04:01]} Nd7 {[%emt 0:02:29]} 11. Nb3 {[%emt 0:01:03]} Qb6 {[%emt 0:01:03]} 12. Na4 {[%emt 0:06:47]} Qb5 {[%emt 0:00:17]} 13. Naxc5 {[%emt 0:03:05]} Nxc5 {[%emt 0:00:26]} 14. Bxc5 {[%emt 0:01:07]} Bxb2 {[%emt 0:00:43]} 15. a4 {[%emt 0:00:59]} 1-0

[Event "56th Rubinstein Memorial D 2020"]
[Site "Polanica Zdroj"]
[Date "2020.08.18"]
[Round "4.3"]
[White "Szmidt, Przemyslaw"]
[Black "Szydelko, Michal"]
[Result "1/2-1/2"]
[WhiteElo "1831"]
[BlackElo "1910"]
[Annotator "TA"]
[PlyCount "158"]
[EventDate "2020.08.15"]
[EventType "swiss"]
[EventCountry "POL"]
[SourceTitle "playchess.com"]
[Source "ChessBase"]
[SourceQuality "1"]

{[%evp 12,157,12,18,14,6,7,12,17,29,38,34,42,34,38,39,40,32,32,30,54,41,45,45,45,23,28,6,18,0,0,0,0,-32,-15,-129,38,0,0,0,0,0,0,0,0,0,0,0,0,0,0,-16,0,-28,0,0,0,-10,0,0,0,0,27,0,0,-14,0,0,0,0,0,0,0,0,0,0,34,0,0,0,69,69,69,69,103,0,0,0,0,0,0,0,0,0,0,0,0,0,0,0,0,0,0,0,0,0,0,0,0,0,0,0,0,0,0,0,0,0,0,0,0,0,0,0,0,0,0,0,0,0,0,0,0,0,0,0,0,0,0,0,0,0,0,0,0,0,0,0]} 1. e4 e5 2. Nf3 Nf6 3. Nxe5 d6 4. Nf3 Nxe4 5. Nc3 Nxc3 6. dxc3 Be7 7. Be3 $1 {7.Be3 scores better than 7.Bf4.} Nc6 {C42: Petroff Defence: 3 Nxe5 and unusual White 3rd moves.} 8. Bc4 Bf6 9. Qd2 O-O (9... Be6 {seems wilder.} 10. Bxe6 fxe6 11. O-O-O Qd7 12. Kb1 O-O-O) 10. O-O-O Ne5 {[#]} 11. Nxe5 $146 ({Predecessor:} 11. Bb3 Bg4 12. Qe2 Nxf3 13. gxf3 Bh5 14. Rd5 Bg6 15. Rhd1 Be7 16. f4 c6 17. R5d2 {½-½ (69) Dzida,K-Posluszny,T (1490) Szczyrk 2014}) 11... dxe5 12. Qe2 Qe7 $1 13. h4 Be6 14. g3 a5 15. Kb1 Rfb8 16. Bxe6 Qxe6 17. Bg5 Rd8 18. Qf3 b6 19. Bxf6 (19. Qe2 {with more complications.} Be7 20. Bxe7 Qxe7 21. Qe4 h6 22. a4) 19... Qxf6 20. Qxf6 (20. Qe2 {looks sharper.} Rxd1+ 21. Rxd1 Rd8 22. Re1 Qd6 23. b3) 20... gxf6 $11 {[%mdl 4096] Endgame KRR-KRR} 21. Kc1 Kf8 22. Rxd8+ Rxd8 {KR-KR} 23. Rd1 (23. Re1 $11 {remains equal.}) 23... Rc8 $2 (23... Rxd1+ $17 24. Kxd1 f5) 24. Rd5 Ke7 25. Kd2 Ke6 26. c4 Rg8 27. Ke3 Rg4 28. b3 Rg8 29. a4 c6 30. Rd1 f5 31. c3 f6 32. Rd2 Ra8 33. Rd1 Rg8 34. Ke2 Rb8 35. b4 Ra8 36. c5 axb4 (36... b5 {keeps more tension.} 37. axb5 cxb5 38. bxa5 Rxa5 39. Rd8 Ra2+) 37. Rd6+ Ke7 {[#] ...b3 is the strong threat.} 38. Rxc6 bxc5 39. Rxc5 Rxa4 40. cxb4 Kd6 41. Rb5 Kc6 42. Rb8 Ra2+ 43. Kf1 Kd7 44. Rb7+ Ke6 $1 45. Rxh7 {[#] Threatens to win with h5.} Rb2 (45... f4 $11) 46. Rb7 $14 {Strongly threatening h5.} f4 47. gxf4 exf4 48. Kg2 (48. h5 $16 f3 49. Kg1) 48... Kf5 $11 {The position is equal.} 49. Rg7 Rxb4 50. h5 f3+ 51. Kg3 Rb1 {White must now prevent ...Rg1+.} 52. h6 Rh1 53. h7 Rh6 54. Kxf3 Rh3+ 55. Ke2 Ke6 56. f3 Kf5 57. Ke3 Rh4 58. Kd3 Ke6 59. Ke3 Kf5 60. Kf2 Rh6 61. Kg3 Rh1 62. f4 Rh6 63. Ra7 Kg6 64. Kf3 (64. f5+ {is more complex.} Kxf5 65. Ra5+ Kg6) 64... Rxh7 65. f5+ $1 Kh6 66. Rxh7+ Kxh7 {KP-KP} 67. Ke4 Kh6 $1 68. Kd5 Kh5 $1 69. Kd4 Kg5 70. Ke3 Kxf5 {KP-K} 71. Kf3 Kg5 (71... Ke5 $5 72. Ke3 $8 f5 $11) 72. Kg3 f5 73. Kf3 f4 74. Kf2 Kg4 75. Kg2 f3+ 76. Kf2 Kf4 77. Kf1 Kg3 (77... Ke3 $5 78. Ke1 $8 Kf4 $11) 78. Kg1 f2+ 79. Kf1 Kf3 {Accuracy: White = 88%, Black = 83%.} 1/2-1/2

[Event "56th Rubinstein Memorial D 2020"]
[Site "Polanica Zdroj"]
[Date "2020.08.18"]
[Round "4.4"]
[White "Szczygiel, Konrad"]
[Black "Wawrzyniak, Pawel"]
[Result "1-0"]
[WhiteElo "1901"]
[BlackElo "1824"]
[Annotator "RC"]
[PlyCount "79"]
[EventDate "2020.08.15"]
[EventType "swiss"]
[EventCountry "POL"]
[SourceTitle "playchess.com"]
[Source "ChessBase"]
[SourceQuality "1"]
[TimeControl "40/5400+30:1800+30"]

1. d4 {[%emt 0:00:00]} d5 {[%emt 0:00:00]} 2. c4 {[%emt 0:00:00]} e6 {[%emt 0:00:00]} 3. Nc3 {[%emt 0:00:00]} Nf6 {[%emt 0:00:00]} 4. Nf3 {[%emt 0:00:02]} c6 {[%emt 0:00:41]} 5. e3 {[%emt 0:01:21]} Nbd7 {[%emt 0:00:11]} 6. Bd3 {[%emt 0:00:41]} dxc4 {[%emt 0:00:48]} 7. Bxc4 {[%emt 0:00:06]} b5 {[%emt 0:00:07]} 8. Bd3 {[%emt 0:00:13]} Bb7 {[%emt 0:00:36]} 9. e4 {[%emt 0:04:56]} b4 {[%emt 0:00:50]} 10. e5 {[%emt 0:00:22]} bxc3 {[%emt 0:04:57]} 11. exf6 {[%emt 0:00:34]} cxb2 {[%emt 0:00:11]} 12. fxg7 bxa1=Q {[%emt 0:07:59]} 13. gxh8=Q {[%emt 0:01:10]} Qa5+ {[%emt 0:05:31]} 14. Bd2 {[%emt 0:04:51]} Qxd1+ {[%emt 0:01:04]} 15. Kxd1 {[%emt 0:00:02]} Qa4+ {[%emt 0:01:05]} 16. Ke2 {[%emt 0:02:33]} Ba6 {[%emt 0:30:03]} 17. Rc1 {[%emt 0:26:56]} Bxd3+ {[%emt 0:06:03]} 18. Kxd3 {[%emt 0:00:08]} Qb5+ {[%emt 0:02:22]} 19. Ke3 {[%emt 0:01:03]} O-O-O {[%emt 0:07:26]} 20. Qxh7 {[%emt 0:00:29]} f5 {[%emt 0:05:33]} 21. Qg6 {[%emt 0:10:40]} Qd5 {[%emt 0:22:03]} 22. Ke2 {[%emt 0:01:43]} Ba3 {[%emt 0:00:35]} 23. Rc3 {[%emt 0:07:51]} Bb4 {[%emt 0:00:56]} 24. Rc1 {[%emt 0:01:03]} Ba3 {[%emt 0:00:46]} 25. Rc3 {[%emt 0:00:32]} Bb4 {[%emt 0:00:05]} 26. Rc2 {[%emt 0:06:58]} Qe4+ {[%emt 0:00:58]} 27. Kd1 {[%emt 0:00:06]} Bd6 {[%emt 0:01:13]} 28. Ng5 {[%emt 0:04:11]} Qg4+ {[%emt 0:00:57]} 29. f3 {[%emt 0:00:16]} Qxg2 {[%emt 0:00:06]} 30. Rxc6+ {[%emt 0:00:28]} Kb7 {[%emt 0:00:15]} 31. Rc3 {[%emt 0:06:38]} Nf8 {[%emt 0:01:24]} 32. Qf7+ {[%emt 0:00:29]} Rd7 {[%emt 0:00:14]} 33. Qe8 {[%emt 0:00:13]} Rc7 {[%emt 0:00:45]} 34. Rxc7+ {[%emt 0:00:59]} Bxc7 {[%emt 0:00:38]} 35. Qxf8 {[%emt 0:04:24]} Qf1+ {[%emt 0:00:08]} 36. Kc2 {[%emt 0:01:43]} Qc4+ {[%emt 0:00:09]} 37. Kb2 {[%emt 0:00:44]} a5 {[%emt 0:00:25]} 38. Qc5 {[%emt 0:02:31]} Qe2 {[%emt 0:01:14]} 39. Qc2 {[%emt 0:00:54]} Bxh2 {[%emt 0:00:23]} 40. Bxa5 {[%emt 0:00:23]} 1-0

[Event "56th Rubinstein Memorial D 2020"]
[Site "Polanica Zdroj"]
[Date "2020.08.18"]
[Round "4.5"]
[White "Sypien, Natan"]
[Black "Janicki, Rafal"]
[Result "1/2-1/2"]
[WhiteElo "1794"]
[BlackElo "1851"]
[Annotator "NA RC"]
[PlyCount "73"]
[EventDate "2020.08.15"]
[EventType "swiss"]
[EventCountry "POL"]
[SourceTitle "playchess.com"]
[Source "ChessBase"]
[SourceQuality "1"]
[TimeControl "40/5400+30:1800+30"]

{[%evp 8,54,24,29,32,19,32,41,64,-17,59,32767,0,-8,7,32767,-31,32767,-57,-63,32767,-63,-37,-36,-29,-48,-4,-4,-13,-16,-8,32767,32767,32767,32767,32767,32767,32767,32767,32767,32767,77,47,48,162,50,25,37,32]} 1. d4 {[%emt 0:00:00]} d5 {[%emt 0:00:00]} 2. c4 {[%emt 0:00:00]} c6 {[%emt 0:00:00]} 3. Nf3 {[%emt 0:00:00]} Nf6 {[%emt 0:00:00]} 4. Nc3 {[%emt 0:00:00]} a6 {[%emt 0:00:00]} 5. e3 {[%emt 0:07:30]} Nbd7 {[%emt 0:01:51]} 6. Bd3 {[%emt 0:07:15]} e6 {[%emt 0:01:00]} 7. O-O {[%emt 0:00:19] is the legacy move (7.b3).} Be7 {[%emt 0:01:30] D46: Semi-Slav: 5 e3 Nbd7 6 Bd3, Black avoids the Meran.} 8. Qc2 {[%emt 0:04:46]} (8. e4 $14) 8... O-O {[%emt 0:03:05]} ({Better is} 8... dxc4 $11 9. Bxc4 b5) 9. Bd2 {[%emt 0:06:13] [#]} dxc4 $146 {[%emt 0:04:10]} ({Predecessor:} 9... b6 10. Rac1 Bb7 11. b3 dxc4 12. bxc4 c5 13. dxc5 Nxc5 14. Ne1 Nxd3 15. Qxd3 Qxd3 16. Nxd3 {½-½ (16) Finsel,M (1677)-Bokemaer,A (1334) Hanau 2010}) 10. Bxc4 {[%emt 0:00:02]} b5 {[%emt 0:01:09]} 11. Bd3 {[%emt 0:00:34]} c5 {[%emt 0:02:06]} 12. dxc5 {[%emt 0:01:35]} Nxc5 {[%emt 0:01:28]} 13. Be2 {[%emt 0:00:02]} Bb7 {[%emt 0:00:37]} 14. Rfd1 {[%emt 0:06:49]} Rc8 {[%emt 0:03:03]} 15. Be1 {[%emt 0:02:56]} Qb6 {[%emt 0:02:35]} 16. Rac1 {[%emt 0:01:16]} b4 {[%emt 0:20:33]} 17. Na4 {[%emt 0:01:16]} Qa5 {[%emt 0:00:58]} 18. Nxc5 {[%emt 0:01:10]} Rxc5 {[%emt 0:00:52]} 19. Qb1 {[%emt 0:02:07]} Be4 {[%emt 0:02:58]} 20. Rxc5 {[%emt 0:12:50]} Qxc5 {[%emt 0:02:30]} 21. Qc1 {[%emt 0:00:35]} Qb6 {[%emt 0:03:07]} 22. Ne5 {[%emt 0:07:53]} Qa5 {[%emt 0:13:01]} 23. Nd7 {[%emt 0:02:10]} Qg5 {[%emt 0:01:14]} 24. f3 {[%emt 0:04:37]} Nxd7 {[%emt 0:01:57]} 25. Rxd7 {[%emt 0:00:01]} ({But not} 25. fxe4 $6 Bc5 $15) 25... Bd5 {[%emt 0:06:21]} (25... Bc5 $14 26. Bf2 Ba8) 26. a3 {[%emt 0:04:55]} (26. h4 $18 Qf6 27. b3 (27. Bxa6 Bxa2 28. Qc7 Bd8 $16)) 26... a5 {[%emt 0:01:28]} 27. Bd2 $14 {[%emt 0:00:58]} Ba8 {[%emt 0:09:07]} 28. e4 {[%emt 0:09:28]} Qc5+ {[%emt 0:00:27]} 29. Qxc5 {[%emt 0:01:03]} Bxc5+ {[%emt 0:00:07]} 30. Kf1 {[%emt 0:00:02]} bxa3 {[%emt 0:01:58]} 31. bxa3 {[%emt 0:00:06]} Bxa3 {[%emt 0:00:13]} 32. Bxa5 {[%emt 0:00:30]} Bc5 {[%emt 0:01:05]} 33. Bb5 {[%emt 0:02:01]} h6 {[%emt 0:00:46]} 34. Ke2 {[%emt 0:00:35]} Rb8 {[%emt 0:00:46]} 35. Rd8+ {[%emt 0:00:28]} Rxd8 {[%emt 0:00:09]} 36. Bxd8 {[%emt 0:00:03]} Kf8 {[%emt 0:00:48]} 37. Kd3 {[%emt 0:03:30]} 1/2-1/2

[Event "56th Rubinstein Memorial D 2020"]
[Site "Polanica Zdroj"]
[Date "2020.08.18"]
[Round "4.6"]
[White "Lewandrowski, Tomasz"]
[Black "Szczygiel, Jakub"]
[Result "1/2-1/2"]
[WhiteElo "1879"]
[BlackElo "1802"]
[Annotator "NA RC"]
[PlyCount "101"]
[EventDate "2020.08.15"]
[EventType "swiss"]
[EventCountry "POL"]
[SourceTitle "playchess.com"]
[Source "ChessBase"]
[SourceQuality "1"]
[TimeControl "40/5400+30:1800+30"]

{[%evp 8,81,22,34,39,33,44,16,35,21,28,38,27,41,41,14,25,-22,-7,-23,0,-3,-25,-14,32767,32767,32767,0,27,2,21,19,33,-11,0,0,0,10,-18,0,1,0,0,32767,32767,32767,32767,32767,33,21,32767,32767,18,32767,32767,32767,0,0,25,0,28,0,0,-47,0,32767,32767,32767,32767,0,0,0,0,0,0,-52]} 1. e4 {[%emt 0:00:00]} c5 {[%emt 0:00:00]} 2. Nf3 {[%emt 0:00:00]} g6 {[%emt 0:00:00]} 3. c3 {[%emt 0:03:29]} Bg7 {[%emt 0:00:00]} 4. d4 {[%emt 0:00:12]} cxd4 {[%emt 0:00:02]} 5. cxd4 {[%emt 0:00:11]} d5 {[%emt 0:00:07]} 6. e5 {[%emt 0:00:15]} Nc6 {[%emt 0:00:18]} 7. h3 {[%emt 0:01:27]} e6 {[%emt 0:04:39] B27: Sicilian: 2 Nf3, unusual Black 2nd moves.} 8. Bb5 {[%emt 0:06:12] [#]} Nge7 $146 {[%emt 0:00:58]} ({Predecessor:} 8... Bd7 9. Nc3 f6 10. O-O Nge7 11. exf6 Bxf6 12. Re1 O-O 13. Bh6 Re8 14. Bxc6 Nxc6 15. Bf4 {½-½ (48) Novikov,V (2329)-Hentunen,A (2341) Saint Vincent 2005}) 9. O-O {[%emt 0:01:24]} O-O {[%emt 0:00:12]} 10. Bxc6 {[%emt 0:01:58]} Nxc6 {[%emt 0:00:21]} 11. Nc3 {[%emt 0:00:45]} f6 {[%emt 0:02:02]} 12. Bf4 {[%emt 0:05:12]} fxe5 {[%emt 0:00:23]} 13. Bxe5 {[%emt 0:00:10]} Nxe5 {[%emt 0:00:11]} 14. Nxe5 {[%emt 0:00:21]} Bxe5 {[%emt 0:01:22]} 15. dxe5 {[%emt 0:00:01]} Bd7 {[%emt 0:01:12]} 16. Qd4 {[%emt 0:09:44]} a6 {[%emt 0:03:31]} 17. Rad1 {[%emt 0:05:03]} Bc6 {[%emt 0:01:47]} 18. Rd2 {[%emt 0:01:30]} Rc8 {[%emt 0:02:44]} 19. b3 {[%emt 0:03:33]} Qa5 {[%emt 0:03:06]} 20. Nd1 {[%emt 0:00:45]} Bb5 {[%emt 0:01:29]} 21. Re1 {[%emt 0:01:58]} Rc2 {[%emt 0:04:16]} 22. Rxc2 {[%emt 0:00:20]} Qxe1+ {[%emt 0:00:07]} 23. Kh2 {[%emt 0:00:07]} Bc6 {[%emt 0:08:42]} 24. f3 {[%emt 0:03:59]} g5 {[%emt 0:03:18]} 25. Nf2 {[%emt 0:07:30]} Rf4 {[%emt 0:00:29]} 26. Qb2 {[%emt 0:01:47]} Rf5 {[%emt 0:07:21]} 27. Re2 {[%emt 0:03:25]} Qb4 {[%emt 0:02:14]} 28. Nd3 {[%emt 0:05:56]} Qb6 {[%emt 0:06:48]} 29. a4 {[%emt 0:00:37]} a5 {[%emt 0:00:42]} 30. Nf2 {[%emt 0:04:55]} Qb4 {[%emt 0:01:45]} 31. Nd3 {[%emt 0:02:57]} Qb6 {[%emt 0:00:15]} 32. Nf2 {[%emt 0:00:05]} Qb4 {[%emt 0:00:09]} 33. Ng4 {[%emt 0:00:09]} Kg7 {[%emt 0:02:18]} 34. Nf6 {[%emt 0:02:14]} (34. Ne3 $5 {[%cal Re3f5]} Rf8 35. Ng4 $11) 34... d4 {[%emt 0:02:13]} 35. Nh5+ {[%emt 0:02:24]} Kg8 {[%emt 0:07:36]} ({Black should play} 35... Kg6 $15 36. Ng3 d3) 36. Ng3 {[%emt 0:00:02]} Rf4 {[%emt 0:00:44]} 37. Qd2 {[%emt 0:01:30]} Bd5 {[%emt 0:07:20]} 38. Nh5 {[%emt 0:02:31]} Qxd2 {[%emt 0:01:40]} 39. Rxd2 {[%emt 0:00:02]} Rf5 $1 {[%emt 0:00:30]} 40. Nf6+ {[%emt 0:01:02]} Kf7 {[%emt 0:01:36]} 41. Nxd5 $15 {[%emt 0:32:27]} exd5 {[%emt 0:30:11]} 42. Rxd4 {[%emt 0:00:04]} Rxe5 {[%emt 0:00:11]} 43. b4 {[%emt 0:00:54]} axb4 {[%emt 0:00:41]} 44. Rxb4 {[%emt 0:00:01]} Re7 {[%emt 0:00:21]} 45. Kg3 {[%emt 0:01:21]} Kg6 {[%emt 0:00:21]} 46. f4 {[%emt 0:00:48]} Rc7 {[%emt 0:01:17]} 47. fxg5 {[%emt 0:00:51]} Kxg5 {[%emt 0:00:10]} 48. Rd4 {[%emt 0:01:14]} Rc5 {[%emt 0:00:34]} 49. Rb4 {[%emt 0:01:36]} Rc7 {[%emt 0:00:26]} 50. Rd4 {[%emt 0:00:06]} Rc5 {[%emt 0:01:08]} 51. Rb4 {[%emt 0:00:07]} 1/2-1/2

[Event "56th Rubinstein Memorial D 2020"]
[Site "Polanica Zdroj"]
[Date "2020.08.18"]
[Round "4.7"]
[White "Kozlowski, Pawel"]
[Black "Kaczanowski, Pawel"]
[Result "1-0"]
[WhiteElo "1913"]
[BlackElo "1655"]
[Annotator "RC"]
[PlyCount "35"]
[EventDate "2020.08.15"]
[EventType "swiss"]
[EventCountry "POL"]
[SourceTitle "playchess.com"]
[Source "ChessBase"]
[SourceQuality "1"]
[TimeControl "40/5400+30:1800+30"]

1. e4 {[%emt 0:00:00]} c5 {[%emt 0:00:00]} 2. Nf3 {[%emt 0:00:15]} Nc6 {[%emt 0:00:00]} 3. c3 {[%emt 0:01:36]} Nf6 {[%emt 0:01:31]} 4. d3 {[%emt 0:00:40]} Qc7 {[%emt 0:05:54]} 5. Be2 {[%emt 0:02:00]} d5 {[%emt 0:01:22]} 6. Nbd2 {[%emt 0:04:04]} Bg4 {[%emt 0:02:20]} 7. O-O {[%emt 0:01:47]} e6 {[%emt 0:04:07]} 8. Re1 {[%emt 0:17:24]} Be7 {[%emt 0:05:03]} 9. h3 {[%emt 0:15:09]} Bh5 {[%emt 0:04:35]} 10. e5 {[%emt 0:07:53]} Nxe5 {[%emt 0:10:06]} 11. Nxe5 {[%emt 0:01:22]} Qxe5 {[%emt 0:01:14]} 12. Bg4 {[%emt 0:01:26]} Qxe1+ {[%emt 0:11:07]} 13. Qxe1 {[%emt 0:00:23]} Nxg4 {[%emt 0:00:06]} 14. hxg4 {[%emt 0:00:07]} Bxg4 {[%emt 0:00:06]} 15. Nf1 {[%emt 0:02:19]} O-O-O {[%emt 0:02:03]} 16. Bf4 {[%emt 0:00:53]} c4 {[%emt 0:01:39]} 17. dxc4 {[%emt 0:00:39]} dxc4 {[%emt 0:00:05]} 18. Qe4 {[%emt 0:00:25]} 1-0

[Event "56th Rubinstein Memorial D 2020"]
[Site "Polanica Zdroj"]
[Date "2020.08.18"]
[Round "4.8"]
[White "Lukasiewicz, Aleksander"]
[Black "Wilgosz, Jan"]
[Result "1-0"]
[WhiteElo "1960"]
[BlackElo "1617"]
[Annotator "TA"]
[PlyCount "57"]
[EventDate "2020.08.15"]
[EventType "swiss"]
[EventCountry "POL"]
[SourceTitle "playchess.com"]
[Source "ChessBase"]
[SourceQuality "1"]

{[%evp 24,57,60,58,66,56,58,54,164,154,275,314,306,295,300,300,333,256,265,259,269,258,266,266,413,311,290,308,450,313,577,532,29985,29986,29997,29998]} 1. e4 e5 2. Nf3 Nc6 3. d4 exd4 4. Nxd4 Qf6 5. Be3 Bc5 6. c3 Nge7 7. g3 d5 8. Bg2 dxe4 9. Nd2 Bxd4 10. cxd4 O-O 11. O-O Qg6 12. Nxe4 Bf5 13. Nc3 $1 Nb4 {C45: Scotch Game.} 14. Qb3 a5 15. a3 {[#]} ({Much weaker is} 15. Bxb7 Rab8 $15) 15... Bc2 $146 ({Black should play} 15... Nc2 $14) ({Predecessor:} 15... Nc2 16. Rac1 Rab8 17. Ne2 Nxe3 18. fxe3 Qd6 19. Qc3 Nd5 20. Qxa5 Nxe3 21. Rxf5 Nxf5 22. Qxf5 Rfe8 23. Qf2 g6 24. Nc3 Re6 25. Rf1 Rf8 26. Bxb7 c6 27. Bxc6 {1-0 (27) Baklan,V (2590)-Gyimesi,Z (2624) Austria 2006}) 16. Qc4 $18 Nbc6 (16... Na6 $16 {was called for.}) 17. d5 Bd3 18. Qf4 Bxf1 19. Rxf1 Nd8 20. Qxc7 Nf5 21. Bc5 Re8 22. Qd7 {[%cal Rd7e8]} f6 23. Be4 Re5 (23... Rxe4 $142 24. Nxe4 h6) 24. f4 Rxe4 25. Nxe4 Nf7 (25... h5 {keeps fighting.} 26. Re1 Nf7) 26. Re1 {aiming for Nxf6+!} Rd8 $2 {[#]} (26... h5 {was worth a try.} 27. Qxb7 Rd8) 27. Ng5 $1 {[%mdl 512] White wants to mate with Re8+.} N5d6 {[#]} (27... fxg5 28. Re8+) 28. Bxd6 $1 {[%mdl 576] Overworked Piece} Nxd6 29. Qxd8+ {[%mdl 64] Double Attack. White took control after the opening. Accuracy: White = 79%, Black = 23%.} 1-0